| 000 | 01548cam a2200373Ka 4500 | ||
|---|---|---|---|
| 001 | vtls003249999 | ||
| 003 | MY-SjTCS | ||
| 005 | 20200508124755.0 | ||
| 006 | m o d | ||
| 007 | cr cnu---unuuu | ||
| 008 | 121224s2012 caua ob 001 0 eng d | ||
| 020 | _a9780313399367 (electronic bk.) | ||
| 020 | _a0313399360 (electronic bk.) | ||
| 020 | _z9780313399350 | ||
| 020 | _z0313399352 | ||
| 035 | _a(OCoLC)809539194 | ||
| 035 | _a(OCoLC)ocn809539194 | ||
| 039 | 9 |
_y201212241420 _zshuhada |
|
| 060 | 1 | 4 | _a2012 G-688 |
| 060 | 1 | 4 | _aW 84.1 |
| 082 | 0 | 4 |
_a362.1 _223 |
| 245 | 0 | 0 |
_aRisks and challenges in medical tourism _h[electronic resource] : _bunderstanding the global market for health services / _cJill R. Hodges, Leigh Turner, and Ann Marie Kimball, editors. |
| 260 |
_aSanta Barbara, Calif. : _bPraeger, _cc2012. |
||
| 300 |
_a1 online resource (vi, 329 p.) : _bill. |
||
| 504 | _aIncludes bibliographical references and index. | ||
| 588 | _aDescription based on print version record. | ||
| 650 | 0 |
_aMedical tourism. _933408 |
|
| 650 | 0 | _aElectronic books. | |
| 700 | 1 | _aHodges, Jill R. | |
| 700 | 1 | _aTurner, Leigh. | |
| 700 | 1 | _aKimball, Ann Marie. | |
| 776 | 0 | 8 |
_iPrint version: _tRisks and challenges in medical tourism. _dSanta Barbara, Calif. : Praeger, c2012 _z9780313399350 _w(DLC) 2012008764 _w(OCoLC)768800267 |
| 856 | 4 | 0 |
_uhttps://ezproxy.taylors.edu.my/login?url=http://search.ebscohost.com/login.aspx?direct=true&scope=site&db=nlebk&db=nlabk&AN=476262 _zAccessible through the World Wide Web; click to view |
| 999 | _c153444 | ||